Euro se svými plusy a minusy

Euro a bankové inštitúcie. Zmluvno-právne otázky bankových obchodov. Dopady eura na české banky, výhody a nevýhody. Euro a české podniky.

Salvato in:
Dettagli Bibliografici
Autore principale: Viktorová, Dana
Natura: Capitolo di libro
Lingua:ceco
Soggetti:
Tags: Aggiungi Tag
Nessun Tag, puoi essere il primo ad aggiungerne!!

MARC

LEADER 00000naa a2200000 4500
001 r034648
005 20230920095717.6
041 0 |a cze 
044 |a CZ 
245 1 0 |a Euro se svými plusy a minusy  |c Dana Viktorová 
520 |a Euro a bankové inštitúcie. Zmluvno-právne otázky bankových obchodov. Dopady eura na české banky, výhody a nevýhody. Euro a české podniky. 
610 2 0 |a euro 
610 2 0 |a banky 
610 2 0 |a podnik 
610 2 0 |a konvertibilita 
610 2 0 |a obchody bankové 
610 2 0 |a konkurencieschopnosť 
610 2 0 |a trh 
610 2 0 |a Česko 
100 1 |a Viktorová, Dana